000 00327nam a2200133Ia 4500
008 151213s9999 xx 000 0 und d
100 _aBrian Stone
245 _aThe Poetry of Keats
_cBrian Stone
260 _aMiddlesex
_bPenguin book
_c1992
300 _a1857 p.
650 _aEnglish
700 _aBrian Stone
999 _c1362
_d1362